الأسكندرية فى العصر الأيوبى

محفوظ في:

المؤلف الرئيسي: فاطمة مصطفى الحكيم

مؤلفون آخرون: دكتور حسين محمد ربيع

التنسيق: كتاب

اللغة: Undetermined

منشور في: Egypt 1980

الوسوم: إضافة وسم

لا توجد وسوم, كن أول من يضع وسما على هذه التسجيلة!

رقم الطلب:

LEADER 00446nam a2200133Ia 4500
008 240503s9999||||xx |||||||||||||| ||und||
100 1 |a فاطمة مصطفى الحكيم 
245 1 0 |a الأسكندرية فى العصر الأيوبى 
264 1 |a Egypt  |c 1980 
300 |a 181  |c 28 
500 |a رسالة ماجيستسر- كلية الأداب قسم التاريخ 
700 1 |a دكتور حسين محمد ربيع 
942 |2 lcc  |c BK 
999 |c 58370  |d 58370